MARC

LEADER 00000nam2a2200000 4500
001 680174
005 20250513140241.0
090 |a 680174 
100 |a 20250513d2023 k||y0rusy50 ca 
101 0 |a rus 
102 |a RU 
105 |a a z 001yy 
135 |a drcn uucaa 
181 0 |a i   |b  e  
182 0 |a b 
183 |a cr  |2 RDAcarrier 
200 0 |a Т. 59, № 9 
203 |a Текст  |c электронный  |b визуальный 
210 |d 2023 
283 |a online_resource  |2 RDAcarrier 
320 |a Библиография в конце статей 
336 |a Текстовый файл 
461 1 |0 379951  |9 379951  |t Электрохимия  |l Russian Journal of Electrochemistry  |o научный журнал  |f Российская академия наук (РАН), Отделение химии и наук о материалах РАН  |c Москва  |n Наука  |d 1965-  |x 0424-8570  |v Т. 59, № 9 
801 0 |a RU  |b 63413507  |c 20250513  |2 PSBO 
850 |a 63413507 
856 4 0 |u https://sciencejournals.ru/view-issue/?j=elkhim&y=2023&v=59&n=9  |z https://sciencejournals.ru/view-issue/?j=elkhim&y=2023&v=59&n=9 
942 |c CF